000 00320 a2200145 4500
001 177330
020 _a
040 _cMagnum
100 _aSilva Neto, Belchior Joaquim da
240 1 0 _aAgostinho, o africano
_lpor
245 1 0 _aAgostinho, o africano
362 0 _a1899
697 _aMAGNITO: RELIGIAO
942 _cBK
999 _c177330
_d177330